000 01406nam a22003617a 4500
003 CHAP
005 20220329143906.0
008 120613s2011 mx r 00010 spa d
010 _a103350
011 _a104322
035 _a115012
040 _cCHAP
090 _aTesis
100 1 _aCorchado Navarro, Pilar
_927932
245 1 0 _aCaracterización del queso crema de Chiapas elaborado en las regiones costa y centro-frailesca
_h[En línea]
_c/por Pilar Corchado Navarro
260 _aChapingo, Méx. :
_bEl autor,
_c2011
500 _aPara ver el contenido del material haga clic en la liga
502 _aTesis (M C. en Ciencia y Tecnología Agroalimentaría) -- UACH. Departamento de Ingeniería Industrial
590 _aALEPH
_b10
_c20130110
_lUCH01
_h1544
590 _aBATCH-UPD
_b10
_c20130110
_lUCH01
_h1747
590 _aBATCH-UPD
_b10
_c20140324
_lUCH01
_h1530
590 _aBATCH-UPD
_b10
_c20141002
_lUCH01
_h0853
590 _aBATCH
_b00
_c20181121
_lUCH01
_h0759
590 _aCONVERSION
_b10
_c20130109
_lUCH01
_h1357
650 0 4 _aQueso crema
_zChiapas.
_993241
650 0 4 _aQueso
_xProcesado.
_993233
856 _3Finding aid
_uhttp://10.13.5.2/tesis/115012.pdf
_zTeclea aqui
856 _a1
_n0001707
901 _aBK
942 _cFOLL
949 _aTesis
_bBC
_cTES
_d33724002325248
_eTS2
_fc.2
_h53437
_i115012
_st
949 _aTesis
_bBC
_cTES
_d33724002325280
_eTS1
_gDonciØn
_h53436
_i115012
_st
999 _c103350
_d103350